| 000 | 01195nam a2200217Ia 4500 | ||
|---|---|---|---|
| 003 | Ost | ||
| 005 | 20260507075407.0 | ||
| 008 | 260507s9999||||xx |||||||||||||| ||und|| | ||
| 040 | _cfsecg | ||
| 041 | _aara | ||
| 100 |
_aأبو مغلي، وائل _eمؤلف |
||
| 245 | 0 |
_aالإحصاء في التربية / _c وائل أبو مغلي |
|
| 260 |
_aعمان: _bاليازوري, _c2007 |
||
| 300 |
_a214 صفحة؛ _bإيضاحات ؛ _c25 سم |
||
| 504 | _aالملاحق ص.207 ؛ المراجع ص.205 | ||
| 520 | _aيحتوي على مقدمة لدراسات الاحصاء في التربية، تمثيل البيانات في جداول وتوزيعها التكراري، مقاييس النزعة المركزية ومقاييس التشتت، الارتباط والانحدار، التوزيعات المجتمعية الاحتمالية والتوزيعات العينية، تقدير معالم المجتمع باستخدام عينة واحدة | ||
| 653 | _aالإحصاء - المعاملات الإرتباطية | ||
| 653 | _aالتربية- الطرق الإحصائية | ||
| 700 |
_aعبدالحافظ، سلامة _eمؤلف ثانوي |
||
| 942 | _cكتاب | ||
| 999 |
_c44317 _d44317 |
||